| 000 | 01078nam a2200241 i 4500 | ||
|---|---|---|---|
| 001 | 84410 | ||
| 003 | ES-MaACL | ||
| 005 | 20250404191359.0 | ||
| 007 | t| | ||
| 008 | 041122s1951 sp ||||1| spa d | ||
| 100 | 1 |
_aJiménez G. Heras, José. _966526 |
|
| 245 | 1 | 0 |
_aHistoria de almas / _cJosé Giménez G. Heras ; prólogo de W. Fernández Florez. |
| 260 |
_aMadrid : _bEditora Nacional, _c1951 ( _fUguina) |
||
| 300 |
_a152 p. ; _c24 cm. |
||
| 510 |
_aCCPB, _c000894114-9. |
||
| 655 | 7 |
_2tgfbne _9234959 _aNovelas cortas |
|
| 700 | 1 |
_aFernández Flórez, Wenceslao, _d1885-1964 _949790 |
|
| 852 |
_aES-MaACL _jD-6565 _bR.31324 _bR.M.6156 _987511 _cSVI _fSello en tinta azul de la Bibliotec del Ateneo de Madrid. _gAnotación manuscrita a lápiz en cubierta: "48". _hSello en tinta azul en cubierta: "Donativo". _zSello en tinta azul en cubierta: "21.DIC.1951" |
||
| 942 |
_2udc _cMONOGRAFIA |
||
| 999 |
_c84410 _d84410 |
||